Internet: manual de bolsillo

Gardado en:
Detalles Bibliográficos
Autor Principal: Hoffman, Paul G (Author)
Formato: Libro
Idioma:Lingua castelá
Publicado: Ciudad de México McGraw-Hill 1995
Series:Serie MacGraw Hill de Informática
Subjects:
Tags: Engadir etiqueta
Sen Etiquetas, Sexa o primeiro en etiquetar este rexistro!

MARC

LEADER 00000nam a2200000 a 4500
001 UCT1132
003 CL-VaPUC
008 960927e19950000MX |||||||||||||||||spa|d
082 0 4 |a 004.6  |b HOF  |2 21 
100 |a Hoffman, Paul G  |e author  |9 369937 
245 1 0 |a Internet: manual de bolsillo 
300 |a 378 p 
942 |c BK 
945 |d 19960927 00:00:00  |a rleighto 
260 |a Ciudad de México  |b McGraw-Hill  |c 1995 
600 0 7 |a INTERNET  |2 CL-VaPUC  |9 368441 
650 0 |a Redes de información  |9 230208 
650 0 |a Redes de computadores  |9 263293 
650 7 |a CORREO ELECTRONICO  |2 CL-VaPUC  |9 340458 
650 7 |a BUSQUEDA EN LINEA  |2 CL-VaPUC  |9 340459 
650 0 |a Proceso de datos   |9 259776 
583 |a last modification  |c 19960927 00:00:00  |k Rodrigo Vera 
490 0 |a Serie MacGraw Hill de Informática 
999 |c 251780  |d 251778